| 000 | 00452nam a2200181Ia 4500 | ||
|---|---|---|---|
| 003 | GCL | ||
| 008 | 140319s9999 xx 000 0 eng d | ||
| 040 |
_aGCL / _cGCL |
||
| 082 | 0 | 4 |
_a342 _bA C |
| 100 | 1 | _aALDER, JOHN | |
| 245 | 1 | 0 |
_aCONSTITUTIONAL AND ADMINISTRATIVE LAW / _cALDER, JOHN |
| 260 |
_a[S.N] : _bMACMILLAN ، _c1994 |
||
| 300 | _a452 P | ||
| 650 | 0 | 4 | _aLAW |
| 650 | 0 | 4 | _aADMINSTRATION |
| 650 | 0 | 4 | _aCONSTITUTIONAL LAW |
| 942 |
_2ddc _cBK |
||
| 999 |
_c10475 _d10475 |
||